Rural Water Management (Record no. 64068)
[ view plain ]
| 000 -LEADER | |
|---|---|
| fixed length control field | 00256nam a22001097a 4500 |
| 082 ## - DEWEY DECIMAL CLASSIFICATION NUMBER | |
| Classification number | 627 |
| 100 ## - MAIN ENTRY--AUTHOR NAME | |
| Personal name | Kumar , Arvind |
| 245 ## - TITLE STATEMENT | |
| Title | Rural Water Management |
| 260 ## - PUBLICATION, DISTRIBUTION, ETC. (IMPRINT) | |
| Place of publication | Delhi |
| Name of publisher | Nisha Scientific |
| Year of publication | 2017 |
| 650 ## - SUBJECT ADDED ENTRY--TOPICAL TERM | |
| Topical Term | Hydraulic Eng |
| 942 ## - ADDED ENTRY ELEMENTS (KOHA) | |
| Koha item type | Books |
| Withdrawn status | Lost status | Damaged status | Not for loan | Home library | Current library | Date acquired | Cost, normal purchase price | Full call number | Accession Number | Price effective from | Koha item type |
|---|---|---|---|---|---|---|---|---|---|---|---|
| MACL | MACL | 19/01/2021 | 650.00 | 627 | CRE037504 | 19/01/2021 | Books |









